000 00696nam a2200181 a 4500
008 060316s1974 ||||||||||||||||| || u
020 _a0715366262
050 _aPR 2894 May
100 _aMay, Robin
245 1 0 _aWho was Shakespeare? : the man, the times, the works
260 _aNewton Abbot [Eng.] :
_bDavid & Charles
_c1974
300 _a143 p., [4] leaves of plates : ill.
350 _a0.00
500 _aIncludes index. -Bibliography
650 _aDRAMATISTS, ENGLISH--EARLY MODERN, 1500-1700--BIOGRAPHY
650 _aSHAKESPEARE, WILLIAM, 1564-1616
995 _D0.00
_FCBU-MAIN LIBRARY (Kitwe)
_H1
_I12.95
_M1
_ULOST
_ZFiction Collection
999 _c61732
_d61732